Movies Quiz

Random Movies or Oscar Quiz

Best Picture Unique Words Quiz Stats

Quiz Updated Mar 3, 2014

Challenge
Share
Tweet
Embed
Score 0/34 Timer 06:00
3 Plays Today
Word Best Picture winner % Correct
englishThe English Patient
80.3%
beautyAmerican Beauty
79.2%
beautifulA Beautiful Mind
74.6%
babyMillion Dollar Baby
72.5%
hurtThe Hurt Locker
71%
vs.Kramer vs. Kramer
68.3%
frenchThe French Connection
64.5%
listSchindler's List
61.9%
missDriving Miss Daisy
59.8%
heatIn the Heat of the Night
47.8%
frontAll Quiet on the Western Front
41.9%
peopleOrdinary People
41.6%
oldNo Country for Old Men
41.2%
hereFrom Here to Eternity
38.1%
aboutAll About Eve
37.8%
slave12 Years a Slave
35.7%
returnThe Lord of the Rings: The Return of the King
34.3%
Word Best Picture winner % Correct
grandGrand Hotel
34%
ladyMy Fair Lady
34%
greenHow Green Was My Valley
32.9%
fireChariots of Fire
32.2%
loveShakespeare in Love
31%
storyWest Side Story
28.6%
riverThe Bridge on the River Kwai
28.3%
outOut of Africa
25.2%
lastThe Last Emperor
22.6%
worldAround the World in 80 Days
18.5%
earthThe Greatest Show on Earth
18.4%
overOne Flew Over the Cuckoo's Nest
16.3%
lostThe Lost Weekend
15.6%
greatThe Great Ziegfeld
14.1%
youYou Can't Take It With You
13.1%
wayGoing My Way
13%
lifeThe Life of Emile Zola
10.9%

You're not logged in!

Compare scores with friends on all Sporcle quizzes.
Join for Free
OR
Log In

You Might Also Like...

Show Comments

Extras

Top Quizzes Today


Score Distribution

Your Account Isn't Verified!

In order to create a playlist on Sporcle, you need to verify the email address you used during registration. Go to your Sporcle Settings to finish the process.

Report this User

Report this user for behavior that violates our Community Guidelines.

Details: